[Event "Moia op 5th"]
[Site "Moia"]
[Date "2016.11.04"]
[Round "6"]
[White "Mollet Soldevila, Eva"]
[Black "Tarruella Panadero, Victor"]
[Result "1-0"]
[WhiteElo "1351"]
[BlackElo "1666"]
[PlyCount "79"]
[EventDate "2016.09.23"]
[EventType "swiss"]
[EventRounds "8"]
[EventCountry "ESP"]
[SourceTitle "EXT 2018"]
[Source "ChessBase"]
[SourceDate "2017.10.13"]
[SourceVersion "1"]
[SourceVersionDate "2017.10.13"]
[SourceQuality "1"]

1. e4 e5 2. Nf3 Nc6 3. d4 Bd6 4. d5 Nb4 5. a3 Na6 6. Bxa6 bxa6 7. 0-0 c6 8. dxc6 dxc6 9. h3 Nf6 10. Bg5 h6 11. Bxf6 Qxf6 12. Qd3 Rb8 13. b3 0-0 14. Nbd2 Rd8 15. Qe2 Qe7 16. Nc4 Bc7 17. Rfd1 Bb7 18. Rxd8+ Rxd8 19. Rd1 Rxd1+ 20. Qxd1 c5 21. Nfd2 Qd7 22. Qa1 f6 23. f3 Qf7 24. Ne3 Bc8 25. Nd5 Ba5 26. Nc4 Bc7 27. Nce3 h5 28. Kf2 g6 29. Nxc7 Qxc7 30. Nd5 Qf7 31. Qc3 Qf8 32. Qc4 f5 33. Ne7+ Kh7 34. Nxc8 Qxc8 35. Qf7+ Kh6 36. Qxa7 fxe4 37. fxe4 Qf8+ 38. Ke2 c4 39. Qxa6 cxb3 40. cxb3 1-0

[Event "Moia op 5th"]
[Site "Moia"]
[Date "2016.10.21"]
[Round "4"]
[White "Perez Roses, Sergi"]
[Black "Tarruella Panadero, Victor"]
[Result "1-0"]
[WhiteElo "1943"]
[BlackElo "1666"]
[PlyCount "65"]
[EventDate "2016.09.23"]
[EventType "swiss"]
[EventRounds "8"]
[EventCountry "ESP"]
[SourceTitle "EXT 2018"]
[Source "ChessBase"]
[SourceDate "2017.10.13"]
[SourceVersion "1"]
[SourceVersionDate "2017.10.13"]
[SourceQuality "1"]

1. e4 e5 2. d4 d6 3. dxe5 dxe5 4. Qxd8+ Kxd8 5. Nc3 Nc6 6. Nf3 Bb4 7. Bd2 Bg4 8. 0-0-0 Bxf3 9. gxf3 Nd4 10. Nb5 c5 11. Bxb4 cxb4 12. Nxd4 exd4 13. Rxd4+ Ke7 14. Rxb4 b6 15. Bh3 Nf6 16. Rd1 Rhd8 17. Rbd4 Rab8 18. Rxd8 Rxd8 19. Rxd8 Kxd8 20. Kd2 Ne8 21. Kd3 Nc7 22. a4 b5 23. axb5 Nxb5 24. Kc4 a6 25. Kc5 f6 26. Bf1 Nc7 27. Kb6 Na8+ 28. Kb7 Nc7 29. Bxa6 Ne6 30. Bd3 Nc5+ 31. Kc6 Na4 32. b4 Nb2 33. b5 1-0

[Event "Vall del Tenes op 5th"]
[Site "Vall del Tenes"]
[Date "2016.06.03"]
[Round "7"]
[White "Tarruella Panadero, Victor"]
[Black "Ruiz Mateos, Bernardo"]
[Result "1-0"]
[WhiteElo "1700"]
[BlackElo "1655"]
[PlyCount "125"]
[EventDate "2016.04.08"]
[EventType "swiss"]
[EventRounds "8"]
[EventCountry "ESP"]
[SourceTitle "CBM 172 Extra"]
[Source "ChessBase"]
[SourceDate "2016.06.21"]
[SourceVersion "1"]
[SourceVersionDate "2016.06.21"]
[SourceQuality "1"]

1. e4 e5 2. Nf3 Nc6 3. Bb5 a6 4. Ba4 b5 5. Bb3 Nf6 6. 0-0 Be7 7. Re1 d6 8. c4 Bd7 9. Nc3 Rb8 10. d3 0-0 11. h3 Qe8 12. Bc2 Qc8 13. b3 h6 14. Be3 Nb4 15. d4 Nxc2 16. Qxc2 exd4 17. Nxd4 b4 18. Nd5 Nxd5 19. exd5 Re8 20. Qd2 a5 21. g4 g5 22. f4 f6 23. Qd3 Kg7 24. Rf1 Rf8 25. Nf5+ Bxf5 26. Qxf5 Qxf5 27. gxf5 Rfe8 28. Rae1 h5 29. Bd4 Kf7 30. Rf2 Bf8 31. Rfe2 Rxe2 32. Rxe2 Re8 33. Rxe8 Kxe8 34. Bxf6 gxf4 35. Kg2 Bh6 36. Kf3 Kd7 37. Bd4 c5 38. Bb2 Ke7 39. a3 Bg5 40. axb4 axb4 41. Bc1 Kf6 42. Ke4 f3 43. Bb2+ Kf7 44. Kxf3 Bd2 45. Ke4 Bc3 46. Bc1 Kf6 47. Bf4 Ke7 48. Bg5+ Bf6 49. Kf4 Kf7 50. Bxf6 Kxf6 51. h4 Ke7 52. Kg5 Kf7 53. f6 Kg8 54. Kg6 Kh8 55. Kxh5 Kh7 56. Kg5 Kh8 57. Kf5 Kg8 58. Ke6 Kf8 59. Kxd6 Kf7 60. Ke5 Ke8 61. h5 Kf7 62. d6 Ke8 63. Ke6 1-0

[Event "Vall del Tenes op 5th"]
[Site "Vall del Tenes"]
[Date "2016.04.22"]
[Round "3"]
[White "Salinas Perez, Gonzalo"]
[Black "Tarruella Panadero, Victor"]
[Result "1-0"]
[WhiteElo "1755"]
[BlackElo "1700"]
[PlyCount "31"]
[EventDate "2016.04.08"]
[EventType "swiss"]
[EventRounds "8"]
[EventCountry "ESP"]
[SourceTitle "CBM 172 Extra"]
[Source "ChessBase"]
[SourceDate "2016.06.21"]
[SourceVersion "1"]
[SourceVersionDate "2016.06.21"]
[SourceQuality "1"]

1. d4 d5 2. Nf3 Bg4 3. Bf4 Nc6 4. c3 f5 5. Nbd2 Nf6 6. e3 e6 7. Bb5 Bxf3 8. Nxf3 Nh5 9. Ne5 Bd6 10. Qxh5+ g6 11. Nxg6 hxg6 12. Qxh8+ Ke7 13. Bg5+ Kf7 14. Qh7+ Kf8 15. Bxd8 Nxd8 16. Qxg6 1-0

[Event "Vall del Tenes op 5th"]
[Site "Vall del Tenes"]
[Date "2016.04.08"]
[Round "1"]
[White "Tarruella Panadero, Victor"]
[Black "Muhammad, Shiekh Ali"]
[Result "0-1"]
[WhiteElo "1700"]
[BlackElo "1926"]
[PlyCount "40"]
[EventDate "2016.04.08"]
[EventType "swiss"]
[EventRounds "8"]
[EventCountry "ESP"]
[SourceTitle "CBM 172 Extra"]
[Source "ChessBase"]
[SourceDate "2016.06.21"]
[SourceVersion "1"]
[SourceVersionDate "2016.06.21"]
[SourceQuality "1"]

1. e4 c5 2. d3 Nc6 3. c4 d6 4. Nc3 g6 5. Be3 Bg7 6. Nge2 Nf6 7. d4 cxd4 8. Nxd4 0-0 9. g3 Bd7 10. Bg2 Ng4 11. Nxc6 bxc6 12. Qd3 Rb8 13. Rb1 Nxe3 14. Qxe3 Qa5 15. 0-0 Be6 16. Qd3 Bxc3 17. Qxc3 Qxc3 18. bxc3 Bxc4 19. a3 Bxf1 20. Rxf1 Rb3 0-1